| 000 | 01069nam a2200277 a 4500 | ||
|---|---|---|---|
| 005 | 20200104041515.0 | ||
| 008 | 950412s1995 dcu bs 000 0 eng d | ||
| 020 | _a1569730261 | ||
| 040 |
_aDOPI _cDOPI _dDLC _dCO-BoIAVH |
||
| 041 | 0 | _aeng | |
| 044 | _axxu | ||
| 082 | 0 | 4 |
_a333.7 _bH22e |
| 100 | 1 |
_aHammond, Allen _eautor |
|
| 245 | 1 | 0 |
_aEnvironmental indicators : _ba systematic approach to measuring and reporting on environmental policy performance in the context of sustainable development / _cAllen Hammond [y otros 4] |
| 260 |
_aWashington, D.C. (EE.UU.) : _bWorld Resources Institute, _c1995. |
||
| 300 |
_aviii, 43 páginas : _bilustraciones ; _c28 x 22 cm. |
||
| 500 | _a"Mayo de 1995." | ||
| 504 | _aIncluye referencias bibliográficas. | ||
| 650 | 2 | 6 |
_aMedio ambiente _xIndicadores |
| 650 | 2 | 6 | _aDesarrollo sostenible |
| 650 | 2 | 6 | _aPolítica ambiental |
| 650 | 2 | 6 |
_aPolución _xIndicadores |
| 650 | 2 | 6 |
_aBiodiversidad _xIndicadores de desarrollo |
| 710 | 2 | _aWorld Resources Institute | |
| 942 |
_2ddc _cLIBRO |
||
| 999 |
_c830 _d830 |
||